Garantía de calidad en salud (Registro nro. 29937)
[ vista simple ]
| 000 -CABECERA | |
|---|---|
| Longitud fija campo de control | 01167nam a2200241 a 4500 |
| 003 - • IDENTIFICADOR DELl NÚMERO DE CONTROL | |
| Identificador del número de control | CO-ViMGA |
| 008 - • CÓDIGOS DE INFORMACIÓN DE LONGITUD FIJA | |
| Códigos de información de longitud fija | 141112s2004 ck r 000 u spa d |
| 020 ## - • NÚMERO INTERNACIONAL NORMALIZADO PARA LIBROS | |
| Número Internacional Normalizado para Libros (ISBN) | 9589181953 |
| 040 ## - FUENTE DE LA CATALOGACIÓN | |
| Centro catalogador de origen | CO-ViMGA |
| Lengua de catalogación | spa |
| Centro transcriptor | CO-ViMGA |
| 082 04 - • NÚMERO DE LA CLASIFICACIÓN DECIMAL DEWEY | |
| Número de clasificación (R) | 658.562 M151g |
| 100 1# - • PUNTO DE ACCESO PRINCIPAL-NOMBRE DE PERSONA | |
| Nombre de persona | Malagón - Londoño, Gustavo; Galán Morera, Ricardo; Pontón Laverde, Gabriel |
| 245 10 - • TITULO PROPIAMENTE DICHO | |
| Título | Garantía de calidad en salud |
| 250 ## - • MENCIÓN DE EDICIÓN | |
| Mención de edición | 2 |
| 300 ## - • DESCRIPCIÓN FÍSICA | |
| Extensión | 696 |
| 505 ## - • NOTA DE CONTENIDO CON FORMATO | |
| Nota de contenido con formato | Reseña general sobre la calidad 1 - - La epidemiología fundamento para la calidad 103 - - La prevención de la infección en la institución de salud 219 - - Sistemas de administración ambiental y su aplicación en organizaciones de prestación de servicios de salud 371 - - Administración de conflictos para el logro de la excelencia 540 |
| 590 ## - NOTAS LOCALES | |
| Nota local | Forma de adquisición : Compra fact. 0860 - - Precio : 135000 - - Proveedor : Temas y libros - - Fecha de adquisición : Mayo 2007 |
| 650 14 - • PUNTO DE ACCESO ADICIONAL DE MATERIA - TÉRMINO DE MATERIA | |
| Término de materia o nombre geográfico como elemento inicial | ADMINISTRACION DE SERVICIOS DE SALUD |
| 650 14 - • PUNTO DE ACCESO ADICIONAL DE MATERIA - TÉRMINO DE MATERIA | |
| Término de materia o nombre geográfico como elemento inicial | CALIDAD DE LOS SERVICIOS DE SALUD |
| 650 14 - • PUNTO DE ACCESO ADICIONAL DE MATERIA - TÉRMINO DE MATERIA | |
| Término de materia o nombre geográfico como elemento inicial | SERVICIOS DE SALUD |
| 942 ## - ENTRADA DE ELEMENTOS AGREGADOS (KOHA) | |
| Fuente de clasificaión o esquema | Dewey Decimal Classification |
| Koha [por defecto] tipo de item | LIbro |
| Perdido | Fuente de clasificación o esquema | Estado Físico | No para préstamo | Forma de adquisición | Localización permanente | Localización actual | Fecha adquisición | Serie de enumeración / cronolog&íacute;a | Préstamos totales | Signatura completa | Código de barras | Fecha última consulta | Número de copia | Fecha del precio de reemplazo | Tipo de item de Koha |
|---|---|---|---|---|---|---|---|---|---|---|---|---|---|---|---|
| Dewey Decimal Classification | Sala Especializada Tercer Piso | Biblioteca Pública Germán Arciniegas - Villavicencio | Biblioteca Pública Germán Arciniegas - Villavicencio | 12/04/2015 | Volumen. 1 | 11/jun/2009 | 658.562 M151g | 21315 | 12/04/2015 | Ej. 1 | 12/04/2015 | LIbro |